Led Zeppelin Song Initials - Statistics

General Stats
  • This quiz has been taken 128 times
  • The average score is 16 of 30
Answer Stats
Initials Song % Correct
STH Stairway to Heaven
79%
BD Black Dog
76%
IS Immigrant Song
75%
DAC Dazed and Confused
73%
OTHAFA Over the Hills and Far Away
71%
GTBT Good Times Bad Times
63%
AML All My Love
61%
TY Thank You
61%
TSRTS The Song Remains the Same
61%
WLL Whole Lotta Love
59%
RO Ramble On
58%
CB Communication Breakdown
57%
MMH Misty Mountain Hop
57%
RAR Rock and Roll
57%
SIBLY Since I've Been Loving You
57%
IMTOD In My Time of Dying
56%
FITR Fool in the Rain
52%
TUF Trampled Under Foot
52%
DD Dancing Days
51%
DM D'yer Mak'er
51%
TRS The Rain Song
51%
TYG Ten Years Gone
42%
TC The Crunge
42%
TLS The Lemon Song
41%
MD Moby Dick
37%
GP Gallows Pole
36%
BMS Black Mountain Side
35%
BIOH Bring It On Home
31%
FS Four Sticks
24%
CSR Candy Store Rock
20%
No matching quizzes found
Score Distribution
Percent of People with Each Score
Percentile by Number Answered
Your Score History
You have not taken this quiz